| 000 | 00862nam a22002537a 4500 | ||
|---|---|---|---|
| 005 | 20180308142801.0 | ||
| 010 | _aB-536811-823 | ||
| 020 |
_a9788170493150 _c495.00 |
||
| 035 | _aB-536811-823 | ||
| 035 | _aB-667706 | ||
| 037 |
_bKKP/Ven _adpl |
||
| 082 | _aN | ||
| 100 | _aGoel, Sangeeta | ||
| 245 |
_aShe : _cby Sangeeta Goel _ba woman from India / |
||
| 260 |
_aNew Delhi _bManas Publications _c2011 |
||
| 270 |
_a4402/5-A, Ansari Road Darya Ganj _bNew Delhi _e110002 |
||
| 300 |
_a272 p. _c22cm(Hb) |
||
| 500 | _a Includes index. | ||
| 650 |
_a Terrorism _xPrevention. |
||
| 650 |
_a Terrorism _xPsychological aspects. |
||
| 942 |
_2ddc _cEN _mGOE _hN |
||
| 999 |
_c87919 _d87919 |
||